00998cam a22002537a 4500003000400000005001700004008004100021017004500062020001800107040002400125043001200149100002900161245009500190260004800285300002700333504003600360600003300396650006800429650004700497650007600544650005800620650004600678700002000724OSt20211222143148.0180410e201711 spc|||| ||||| 0|0 0 spa|d aDL B 23913-2017bBiblioteca de Catalunya a9788491800231 aES-BaUOCbcatcCDMR an-us---1 aPellicer, Miquel,d1977-13aLa Comunicación en la era Trump c/ Miquel Pellicer Alapont ; prólogo de Antoni Esteve aBarcelona :bEditorial UOC,cnoviembre 2017 a254 pàgines ;c22 cm aBibliografia: pàgines 241-25417aTrump, Donald,d1946-2lemac07aComunicació en la políticazEstats Units d'Amèrica2lemac 7aFake newszEstats Units d'Amèrica2lemac 7aVeritat i mentidaxAspectes políticszEstats Units d'Amèrica2lemac07aXarxes socials en líniaxAspectes polítics2lemac00aDesinformaciózEstats Units d'Amèrica1 aEsteve, Antoni,